Vista normal
Vista MARC
Entrada Personal Name
Número de registros utilizados en: 1
001 - CONTROL NUMBER
- control field: 18109
003 - CONTROL NUMBER IDENTIFIER
- control field: DLC
005 - DATE AND TIME OF LATEST TRANSACTION
- control field: 20260515134340.0
008 - FIXED-LENGTH DATA ELEMENTS
- fixed length control field: 191126n| azannaabn |a aaa c
010 ## - LIBRARY OF CONGRESS CONTROL NUMBER
- LC control number: ns2019003704
035 ## - SYSTEM CONTROL NUMBER
- System control number: (CaEvSKY)skya12126271
040 ## - CATALOGING SOURCE
- Original cataloging agency: MX-SlUA
- Language of cataloging: spa
- Description conventions: rda
- Transcribing agency: Mx-PuUPA
- Modifying agency: Mx-PuUPA
100 1# - HEADING--PERSONAL NAME
- Personal name: Sánchez Vargas, Luis Octavio,
373 ## - ASSOCIATED GROUP
- Associated group: Universidad Autónoma de San Luis Potosí
- Associated group: Facultad de Estomatología
- Source of term: naf
374 ## - OCCUPATION
- Occupation: Dentista
- Occupation: Doctor en Ciencias
- Occupation: Proesor investigador
- Occupation: Autor
- Source of term: lcsh
375 ## - GENDER
- Gender: hombre
- Source of term: lcdgt
377 ## - ASSOCIATED LANGUAGE
- Language code: spa
400 1# - SEE FROM TRACING--PERSONAL NAME
- Personal name: Vargas, Luis Octavio Sánchez
670 ## - SOURCE DATA FOUND
- Source citation: El control de infecciones en el ámbito odontológico, ©2017:
- Information found: title page (Luis Octavio Sánchez Vargas, Professor Fac. Estomatología, Universidad Autónoma de San Luis Potosí, Mexico)